<?xml version="1.0" encoding="UTF-8"?>
<record
    xmlns:xsi="http://www.w3.org/2001/XMLSchema-instance"
    xsi:schemaLocation="http://www.loc.gov/MARC21/slim http://www.loc.gov/standards/marcxml/schema/MARC21slim.xsd"
    xmlns="http://www.loc.gov/MARC21/slim">

  <leader>01597nab a2200253uuc4500</leader>
  <controlfield tag="001">1349692</controlfield>
  <controlfield tag="005">20240910110915.0</controlfield>
  <controlfield tag="008">131113m01uu2013                    spa  </controlfield>
  <datafield tag="035" ind1=" " ind2=" ">
    <subfield code="a">1349692</subfield>
  </datafield>
  <datafield tag="040" ind1=" " ind2=" ">
    <subfield code="c">comduadb</subfield>
  </datafield>
  <datafield tag="041" ind1=" " ind2=" ">
    <subfield code="a">spa</subfield>
  </datafield>
  <datafield tag="100" ind1=" " ind2="0">
    <subfield code="a">Medina Mora, Maria Elena</subfield>
    <subfield code="4">aut</subfield>
    <subfield code="e">aut</subfield>
    <subfield code="9">322208</subfield>
  </datafield>
  <datafield tag="245" ind1="1" ind2="4">
    <subfield code="a">Las drogas y la salud p&#xFA;blica: &#xBF;hacia d&#xF3;nde vamos</subfield>
  </datafield>
  <datafield tag="520" ind1="3" ind2=" ">
    <subfield code="a">El art&#xED;culo presenta una propuesta para la atenci&#xF3;n del problema de las adicciones desde un enfoque de salud p&#xFA;blica, define sus alcances y limitaciones frente a los retos del fen&#xF3;meno, especialmente para la formulaci&#xF3;n de pol&#xED;ticas; se suma a las propuestas que buscan integrar los temas sociales en la evaluaci&#xF3;n del resultado de las acciones y que proponen como meta &#xFA;ltima el bien de la persona y de las comunidades con una perspectiva de bienestar para la poblaci&#xF3;n. Describe el reto que enfrenta M&#xE9;xico en su papel como pa&#xED;s productor, de tr&#xE1;nsito y de consumo, analiza brevemente la evidencia sobre las pol&#xED;ticas p&#xFA;blicas y hace una serie de recomendaciones al respecto.</subfield>
  </datafield>
  <datafield tag="650" ind1=" " ind2="7">
    <subfield code="a">Abuso de drogas</subfield>
    <subfield code="x">Prevenci&#xF3;n y control</subfield>
    <subfield code="2">lemb</subfield>
    <subfield code="9">61050</subfield>
  </datafield>
  <datafield tag="650" ind1=" " ind2=" ">
    <subfield code="a">Pol&#xED;ticas p&#xFA;blicas en salud</subfield>
    <subfield code="9">71812</subfield>
  </datafield>
  <datafield tag="650" ind1=" " ind2="7">
    <subfield code="a">Salud p&#xFA;blica</subfield>
    <subfield code="2">dcs</subfield>
    <subfield code="9">32016</subfield>
  </datafield>
  <datafield tag="650" ind1=" " ind2=" ">
    <subfield code="a">Drogadicci&#xF3;n - Prevenci&#xF3;n y control</subfield>
    <subfield code="9">2584</subfield>
  </datafield>
  <datafield tag="700" ind1="1" ind2="0">
    <subfield code="a">Real, Tania</subfield>
    <subfield code="4">aut</subfield>
    <subfield code="e">aut</subfield>
    <subfield code="9">710820</subfield>
  </datafield>
  <datafield tag="700" ind1="1" ind2="0">
    <subfield code="a">Villatoro Velasquez, Jorge</subfield>
    <subfield code="4">aut</subfield>
    <subfield code="e">aut</subfield>
    <subfield code="9">297509</subfield>
  </datafield>
  <datafield tag="700" ind1="1" ind2="0">
    <subfield code="a">Natera Rey, Guillermina</subfield>
    <subfield code="4">aut</subfield>
    <subfield code="e">aut</subfield>
    <subfield code="9">342547</subfield>
  </datafield>
  <datafield tag="773" ind1="0" ind2=" ">
    <subfield code="t">Salud P&#xFA;blica de M&#xE9;xico (M&#xE9;xico)</subfield>
    <subfield code="g">Vol. 55, No. 01, Ene.-Feb. 2013, p. 67-73</subfield>
    <subfield code="w">356363</subfield>
    <subfield code="x">0036-3634</subfield>
    <subfield code="0">112116</subfield>
  </datafield>
  <datafield tag="942" ind1=" " ind2=" ">
    <subfield code="c">ARIMP</subfield>
  </datafield>
  <datafield tag="999" ind1=" " ind2=" ">
    <subfield code="c">670370</subfield>
    <subfield code="d">670370</subfield>
  </datafield>
</record>
